UM Logo

A novel diagnostic method for single and dual power switch open-circuit faults of six-phase FTPMSM system even in fault tolerant operation / (Record no. 19740)

MARC details
000 -LEADER
fixed length control field 00918nam a22001937a 4500
005 - DATE AND TIME OF LATEST TRANSACTION
control field 20250929160142.0
008 - FIXED-LENGTH DATA ELEMENTS--GENERAL INFORMATION
fixed length control field 240319b ||||| |||| 00| 0 eng d
082 ## - DEWEY DECIMAL CLASSIFICATION NUMBER
Classification number DPer 621.381 In821 August 2022 v. 37 n. 8
100 ## - MAIN ENTRY--PERSONAL NAME
Personal name Xu, Jinquan.
Relator term author.
9 (RLIN) 54930
245 ## - TITLE STATEMENT
Title A novel diagnostic method for single and dual power switch open-circuit faults of six-phase FTPMSM system even in fault tolerant operation /
Statement of responsibility, etc. Jinquan Xu, Si Guo, Hong Guo, and Xinlei Tian.
260 ## - PUBLICATION, DISTRIBUTION, ETC. (IMPRINT)
Place of publication, distribution, etc. New York ;
Name of publisher, distributor, etc. The Institute of Electrical and Electronics Engineers, Inc. ,
Date of publication, distribution, etc. August 2022.
300 ## - PHYSICAL DESCRIPTION
Extent Volume 37, pages 9777-9789 :
Other physical details illustration ;
Dimensions 28 cm.
500 ## - GENERAL NOTE
General note IEEE Transitions on Power Electronics, v. 37 n. 8, pages 9777-9789, August 2022.
700 ## - ADDED ENTRY--PERSONAL NAME
Personal name Xu, Jinquan.
Relator term author.
9 (RLIN) 54930
700 ## - ADDED ENTRY--PERSONAL NAME
Personal name Guo, Si.
Relator term author.
9 (RLIN) 54931
700 ## - ADDED ENTRY--PERSONAL NAME
Personal name Guo, Hong.
Relator term author.
9 (RLIN) 54932
700 ## - ADDED ENTRY--PERSONAL NAME
Personal name Tian, Xinlei.
Relator term author.
9 (RLIN) 54933
942 ## - ADDED ENTRY ELEMENTS (KOHA)
Source of classification or shelving scheme Dewey Decimal Classification
Koha item type Periodicals
Holdings
Withdrawn status Lost status Source of classification or shelving scheme Damaged status Not for loan Collection code Home library Current library Date acquired Total Checkouts Full call number Date last seen Price effective from Koha item type Public note
    Dewey Decimal Classification     Periodicals UM Digos College - LIC UM Digos College - LIC 03/19/2024   DPer 621.381 In821 August 2022 v. 37 n. 8 03/19/2024 03/19/2024 Periodicals Periodical Article